|
|
|
|
| LEADER |
00770nam a2200193 i 4500 |
| 003 |
GR-PaULI |
| 005 |
20230111141930.0 |
| 008 |
200811s2011 gr |||g |||| 000 j gre d |
| 952 |
|
|
|0 0
|1 0
|2 ddc
|4 0
|6 889_334000000000000_ΠΟΛ
|7 0
|9 367156
|a LISP
|b LISP
|c DON
|d 2023-01-11
|e ΠΑΤ
|i 147975
|l 0
|o 889.334 ΠΟΛ
|p 025000274032
|r 2023-01-11 00:00:00
|t 1
|w 2023-01-11
|y BKN
|
| 999 |
|
|
|c 214578
|d 214578
|
| 020 |
|
|
|a 9789603259565
|
| 040 |
|
|
|a GR-PaULI
|b gre
|c GR-PaULI
|e AACR2
|
| 082 |
0 |
4 |
|2 23
|a 889.334
|
| 100 |
1 |
|
|9 1831
|a Πολίτη, Τζίνα,
|d 1930-
|e συγγραφέας.
|
| 245 |
1 |
0 |
|a Επιστροφή :
|b τρία διηγήματα /
|c Τζίνα Πολίτη.
|
| 260 |
|
|
|a Αθήνα :
|b Άγρα,
|c 2011.
|
| 300 |
|
|
|a 56 σ. ;
|c 21 εκ.
|
| 942 |
|
|
|2 ddc
|c BK
|
| 998 |
|
|
|c ΜΠΟΥΡΑΣ
|d 2023-01
|